00679nam a22001577a 4500003000400000005001700004008004100021040000900062100003300071245008100104260004200185300001500227500022200242650003100464710002600495OSt20130610100649.0130426s spa||||| |||| 00| 0 cat d cCDMR1 aCosta i Fernández, Lluís10aTemps de transiciób: la premsa municipal al Baix EmpordàcLluís Costa a[Begur]bAjuntament de BegurcDL 2005 a26 p.bil. aUna primera versió de l'obra va ser presentada al VIIè congrés de l'Associación de Historiadores de la Comunicación (Barcelona, 18 i 19 de novembre de 2004) sot el nom "25 años de libertad de expresión".04aPremsa comarcalzCatalunya1 aBegurb -- Ajuntament